[Event "Championnat de France - Veterans"]
[Site "Belfort - SNPHHUATVS"]
[Date "2010.??.??"]
[Round "4.3"]
[White "Molet, Asher"]
[Black "Negre, Albert"]
[Result "1/2-1/2"]
[WhiteElo "1830"]
[BlackElo "2098"]
[PlyCount "48"]

1. d4 Nf6 2. Nf3 g6 3. c4 c5 4. Nc3 Bg7 5. e4 cxd4 6. Nxd4 Nc6 7. Be3 d6 8. Be2
O-O 9. O-O Bd7 10. f3 a5 11. Rc1 Nxd4 12. Bxd4 Bc6 13. Qd2 Nd7 14. Be3 a4 15.
Rfd1 Qb8 16. Nd5 Re8 17. Rc2 Nc5 18. Qb4 Nd7 19. Qa3 Qd8 20. Nb4 Qa5 21. Nd5
Nc5 22. Bd2 Qa7 23. Be3 Qa5 24. Bd2 Qa7 1/2-1/2

[Event "Championnat de France - Veterans"]
[Site "Belfort - SNPHHUATVS"]
[Date "2010.??.??"]
[Round "4.4"]
[White "Nemety, Laszlo"]
[Black "Andrieu, Philippe"]
[Result "1-0"]
[WhiteElo "2091"]
[BlackElo "1935"]
[PlyCount "165"]

1. d4 d5 2. e3 Bf5 3. Ne2 Nf6 4. f3 Nc6 5. g4 Bg6 6. Nf4 e6 7. h4 h6 8. Nxg6
fxg6 9. Bd3 Ne7 10. e4 dxe4 11. fxe4 Qd6 12. e5 Qc6 13. O-O Nd7 14. Qe2 O-O-O
15. c4 h5 16. Be4 Qa6 17. b4 c6 18. Be3 hxg4 19. b5 Qb6 20. bxc6 Nxc6 21. c5
Qc7 22. Qxg4 Nxc5 23. dxc5 Qxe5 24. Nd2 Rxd2 25. Bxd2 Bxc5+ 26. Kg2 Rd8 27. Bg5
Rd4 28. Rae1 Bd6 29. Bf4 Rxe4 30. Rxe4 Qxe4+ 31. Qf3 Qxf3+ 32. Rxf3 Be7 33. Kh3
Bf6 34. Re3 Kd7 35. Kg4 Ne7 36. Rd3+ Nd5 37. Bg3 a6 38. Bf2 Kc6 39. Kf3 Ne7 40.
Ke4 Nf5 41. Rh3 Nd6+ 42. Kd3 b5 43. Kc2 a5 44. Be1 a4 45. Rg3 Nf5 46. Rxg6 Nd4+
47. Kd1 Nf5 48. h5 Ne7 49. Rg2 Nf5 50. Ke2 Kd5 51. Kd3 e5 52. Rg4 Nd6 53. Bb4
e4+ 54. Ke2 Nf5 55. Kd2 Nh6 56. Rg6 Kc4 57. Bf8 Nf5 58. Bxg7 Nxg7 59. Rxf6 Nxh5
60. Rh6 Ng3 61. Kc2 Nf5 62. Rc6+ Kb4 63. Rf6 Ne3+ 64. Kb1 Nc4 65. Re6 Kc3 66.
Kc1 e3 67. Ra6 Kb4 68. Ra8 Ka3 69. Kb1 Nd6 70. Ra7 Ne4 71. Re7 Nc3+ 72. Kc2
Nxa2 73. Rxe3+ Kb4 74. Kb2 Kc4 75. Kxa2 b4 76. Rh3 Kd4 77. Kb2 Kc4 78. Kc2 Kd4
79. Rh4+ Kc5 80. Kd3 b3 81. Kc3 Kb5 82. Rh5+ Ka6 83. Kb2 1-0

[Event "Championnat de France - Veterans"]
[Site "Belfort - SNPHHUATVS"]
[Date "2010.??.??"]
[Round "4.5"]
[White "Brongers, Henk"]
[Black "Rodriguez, Jean-Pierre"]
[Result "1-0"]
[WhiteElo "2062"]
[BlackElo "1910"]
[PlyCount "107"]

1. e4 c6 2. d4 d5 3. exd5 cxd5 4. Bd3 Nc6 5. c3 g6 6. Bf4 Bg7 7. h3 Nf6 8. Nf3
O-O 9. O-O a6 10. Nbd2 b5 11. Ne5 Bb7 12. Ndf3 Rc8 13. Nxc6 Bxc6 14. Ne5 Bb7
15. a4 b4 16. Qb3 a5 17. cxb4 Qb6 18. Nf3 Nh5 19. Bd2 axb4 20. Qxb4 Qxb4 21.
Bxb4 Bf6 22. Rfc1 Nf4 23. Bf1 Ne6 24. Bc3 Rc7 25. Re1 Rfc8 26. Ra3 Kf8 27. g3
h6 28. h4 Ke8 29. Ne5 Bxe5 30. Rxe5 Nd8 31. a5 Bc6 32. Bb4 e6 33. Bd6 Rd7 34.
Bc5 Nb7 35. a6 Nd6 36. Bxd6 Rxd6 37. Ree3 Ba8 38. Rab3 Kd8 39. Re1 Rdc6 40. Kg2
Kc7 41. Ra1 Rb8 42. Rxb8 Kxb8 43. Ra5 Ka7 44. Rc5 Kb6 45. b4 Rc7 46. Bd3 Rc6
47. Kf3 Rc7 48. Kf4 Bc6 49. Ke5 h5 50. b5 Be8 51. Rxc7 Kxc7 52. Kf6 Kb6 53. Ke7
Bxb5 54. Bxb5 1-0

[Event "Championnat de France - Veterans"]
[Site "Belfort - SNPHHUATVS"]
[Date "2010.??.??"]
[Round "4.6"]
[White "Peyrin, Jean"]
[Black "Pinchon, Henri"]
[Result "1-0"]
[WhiteElo "1938"]
[BlackElo "1901"]
[PlyCount "73"]

1. d4 Nf6 2. c4 c5 3. d5 b5 4. Nf3 d6 5. Qc2 bxc4 6. e4 Nbd7 7. Bxc4 g6 8. O-O
Bg7 9. Nc3 O-O 10. h3 Nb6 11. Be2 a5 12. Bf4 Re8 13. Rad1 Nfd7 14. Bb5 Ba6 15.
Bxa6 Rxa6 16. Rfe1 Ra8 17. e5 dxe5 18. Nxe5 Nxe5 19. Bxe5 Bxe5 20. Rxe5 Nc4 21.
Re2 Rb8 22. Na4 Nd6 23. Qxc5 Rb5 24. Qc6 Qb8 25. b3 h5 26. Qc1 Qa8 27. Qd2 Qa7
28. Rde1 Rb4 29. Re5 f6 30. Re6 Kg7 31. Rxd6 Qc7 32. Rde6 Rb7 33. d6 Qd8 34.
Nc5 Ra7 35. d7 Rc7 36. dxe8=N+ Qxe8 37. Qxa5 1-0

[Event "Championnat de France - Veterans"]
[Site "Belfort - SNPHHUATVS"]
[Date "2010.??.??"]
[Round "4.7"]
[White "Rosenfeld, Imre"]
[Black "Birens, Eric-Andre"]
[Result "1/2-1/2"]
[WhiteElo "1866"]
[BlackElo "2024"]
[PlyCount "44"]

1. d4 Nf6 2. Nf3 c5 3. e3 g6 4. c3 Bg7 5. Bd3 b6 6. Nbd2 Bb7 7. O-O O-O 8. e4
cxd4 9. cxd4 Nc6 10. a3 d6 11. b4 Nh5 12. Nb3 e5 13. dxe5 dxe5 14. g3 Qe7 15.
Bb2 Rad8 16. Qe2 Nd4 17. Nfxd4 exd4 18. f3 Kh8 19. Qf2 Rd7 20. Rac1 Rfd8 21.
Rc2 a6 22. Rfc1 Qe5 1/2-1/2

[Event "Championnat de France - Veterans"]
[Site "Belfort - SNPHHUATVS"]
[Date "2010.??.??"]
[Round "4.8"]
[White "Degrave, Jack"]
[Black "Maury, Claude"]
[Result "1-0"]
[WhiteElo "2003"]
[BlackElo "1860"]
[PlyCount "49"]

1. d4 d5 2. Bf4 c6 3. Nd2 Nf6 4. e3 Bf5 5. Bd3 Bg6 6. Ngf3 Nbd7 7. Ne5 e6 8.
O-O Nxe5 9. Bxe5 Qb6 10. Nb3 Nd7 11. Bg3 c5 12. Re1 f5 13. c4 Nf6 14. cxd5 exd5
15. dxc5 Bxc5 16. Nxc5 Qxc5 17. Qa4+ Kf8 18. Rac1 Qb6 19. Rc7 f4 20. Qa3+ Kg8
21. Qe7 Ne8 22. Rxb7 Qa5 23. b4 Qd8 24. Qe6+ Kf8 25. Bxg6 1-0

[Event "Championnat de France - Veterans"]
[Site "Belfort - SNPHHUATVS"]
[Date "2010.??.??"]
[Round "4.9"]
[White "Tholey, Jean-Paul"]
[Black "Chabeaud, Jean-Jacques"]
[Result "0-1"]
[WhiteElo "1998"]
[BlackElo "1823"]
[PlyCount "86"]

1. d4 d5 2. c4 c6 3. Nf3 Nf6 4. Nc3 a6 5. c5 Nbd7 6. Bf4 Nh5 7. Be5 Nxe5 8.
Nxe5 Nf6 9. e3 g6 10. Bd3 Bg7 11. O-O O-O 12. Na4 Nd7 13. f4 f6 14. Nxd7 Bxd7
15. f5 Bxf5 16. Bxf5 gxf5 17. Rxf5 e6 18. Rh5 f5 19. b4 Qf6 20. Qf3 f4 21. Rd1
fxe3 22. Qxe3 Rae8 23. Nc3 e5 24. dxe5 Rxe5 25. Rxe5 Qxe5 26. Qxe5 Bxe5 27. Rd3
Rf4 28. Ne2 Rxb4 29. Rb3 Rxb3 30. axb3 Bb2 31. Kf2 Ba3 32. Kf3 Bxc5 33. g4 Kf7
34. h4 a5 35. Kf4 b5 36. Kf5 a4 37. bxa4 bxa4 38. Nc3 a3 39. Na2 Bd6 40. g5 c5
41. h5 d4 42. Ke4 Be7 43. Kd5 d3 0-1

[Event "Championnat de France - Veterans"]
[Site "Belfort - SNPHHUATVS"]
[Date "2010.??.??"]
[Round "4.10"]
[White "Tilquin, Jean-Pierre"]
[Black "Siberchicot, Robert"]
[Result "1-0"]
[WhiteElo "1987"]
[BlackElo "1820"]
[PlyCount "69"]

1. d4 e6 2. c4 Nf6 3. Nc3 d5 4. cxd5 exd5 5. Bg5 Be7 6. e3 O-O 7. Bd3 Nbd7 8.
Nge2 b6 9. O-O Bb7 10. f3 c5 11. Rc1 Re8 12. Qc2 c4 13. Bf5 h6 14. Bh4 g5 15.
Bg3 a6 16. e4 b5 17. a3 Nh5 18. Bf2 Ng7 19. Bh3 dxe4 20. fxe4 Nf6 21. g3 Bf8
22. d5 Bc8 23. Bg2 Bg4 24. Nd4 Bd6 25. Nc6 Qc7 26. Bd4 Nd7 27. Qf2 Ne5 28. Qf6
Bh5 29. Qxh6 f6 30. Qxf6 Rf8 31. Qxg5 Rae8 32. Rxf8+ Kxf8 33. Rf1+ Bf7 34. Bh3
Kg8 35. Rf5 1-0

[Event "Championnat de France - Veterans"]
[Site "Belfort - SNPHHUATVS"]
[Date "2010.??.??"]
[Round "5.1"]
[White "Goldenberg, Richard"]
[Black "Letzelter, Jean-Claude"]
[Result "0-1"]
[WhiteElo "2356"]
[BlackElo "2165"]
[PlyCount "56"]

1. c4 e6 2. Nf3 d5 3. g3 c6 4. b3 Nd7 5. Bb2 dxc4 6. bxc4 Qb6 7. Qc2 Ngf6 8.
Bg2 Be7 9. O-O O-O 10. Nc3 e5 11. Rab1 Qc7 12. e3 Re8 13. d4 exd4 14. exd4 Nb6
15. Ne5 Be6 16. Ne4 Nfd7 17. Nxd7 Qxd7 18. Nd2 Bf6 19. Ne4 Bxc4 20. Nxf6+ gxf6
21. d5 Bxf1 22. Rxf1 Nxd5 23. Rd1 Qe6 24. Rd4 Nb4 25. Qc5 Nd5 26. Rh4 Qf5 27.
Qd4 Re1+ 28. Bf1 Ne3 0-1

[Event "Championnat de France - Veterans"]
[Site "Belfort - SNPHHUATVS"]
[Date "2010.??.??"]
[Round "5.2"]
[White "Negre, Albert"]
[Black "Brongers, Henk"]
[Result "1-0"]
[WhiteElo "2098"]
[BlackElo "2062"]
[PlyCount "81"]

1. d4 Nf6 2. Nc3 d5 3. Bg5 Nbd7 4. f3 c6 5. Qd3 Qa5 6. Bd2 e5 7. e4 dxe4 8.
Nxe4 Qd5 9. dxe5 Nxe4 10. fxe4 Qxe5 11. Bc3 Qe6 12. O-O-O Be7 13. Bxg7 Rg8 14.
Bd4 Qxa2 15. Nf3 Qa1+ 16. Kd2 Qa5+ 17. Kc1 Qa1+ 18. Kd2 Qa5+ 19. c3 Nc5 20. Qc2
Qa2 21. Ke1 Be6 22. Nd2 b5 23. g3 Bg4 24. Rc1 Qe6 25. b4 Nd7 26. Ra1 Ne5 27.
Bg2 a6 28. Rf1 Rg6 29. h3 Bh5 30. g4 Rg8 31. Rf5 Nxg4 32. hxg4 Rxg4 33. Bf3
Bh4+ 34. Kf1 Rg5 35. Bxh5 Rxh5 36. Qd3 Rxf5+ 37. exf5 Qd6 38. Qe4+ Be7 39. f6
Kd7 40. fxe7 Qh2 41. Rxa6 1-0

[Event "Championnat de France - Veterans"]
[Site "Belfort - SNPHHUATVS"]
[Date "2010.??.??"]
[Round "5.3"]
[White "Peyrin, Jean"]
[Black "Nemety, Laszlo"]
[Result "0-1"]
[WhiteElo "1938"]
[BlackElo "2091"]
[PlyCount "149"]

1. d4 Nf6 2. c4 e6 3. Nc3 d6 4. e4 Nc6 5. Nf3 g6 6. Bg5 h6 7. Bh4 g5 8. Bg3 Bg7
9. d5 Ne7 10. Be2 e5 11. b4 Ng6 12. c5 Nf4 13. Bxf4 exf4 14. Rc1 O-O 15. O-O
Re8 16. Nd2 c6 17. dxc6 bxc6 18. Qc2 Rb8 19. a3 dxc5 20. bxc5 Qa5 21. e5 Ng4
22. Bxg4 Bxg4 23. Nce4 Be6 24. Nf6+ Bxf6 25. exf6 Qxa3 26. Rb1 Bd5 27. Rxb8
Rxb8 28. Rb1 Re8 29. h4 Qa2 30. Rb2 Qa1+ 31. Kh2 Qe1 32. Nf3 Bxf3 33. gxf3 Qe5
34. hxg5 Qxg5 35. Qc3 Rd8 36. Re2 Qh4+ 37. Kg2 Qg5+ 38. Kh2 Qh5+ 39. Kg2 Qg6+
40. Kh2 Rd5 41. Re5 Rd1 42. Re1 Rxe1 43. Qxe1 Qxf6 44. Qa5 Qd4 45. Kg2 a6 46.
Qb6 Qd5 47. Qb4 Kg7 48. Qb6 Kg6 49. Qxa6 Qxc5 50. Qa8 Kh7 51. Qb7 Qd5 52. Qb1+
Kg7 53. Qb2+ Kg6 54. Qb7 h5 55. Qa8 Kh7 56. Qb7 h4 57. Qe7 h3+ 58. Kh2 Kg6 59.
Qe8 Kf5 60. Qc8+ Ke5 61. Qxh3 Kd4 62. Kg2 c5 63. Qh6 Qe5 64. Qb6 Qe6 65. Qb2+
Kd5 66. Qd2+ Kc6 67. Qxf4 c4 68. Qd2 Qg6+ 69. Kh1 Qf6 70. Kg2 c3 71. Qc1 Qg6+
72. Kh3 c2 73. f4 Qd3+ 74. f3 Qd1 75. Qa3 0-1

[Event "Championnat de France - Veterans"]
[Site "Belfort - SNPHHUATVS"]
[Date "2010.??.??"]
[Round "5.4"]
[White "Molet, Asher"]
[Black "Hoyer, Hans-Gerd"]
[Result "0-1"]
[WhiteElo "1830"]
[BlackElo "2078"]
[PlyCount "40"]

1. d4 g6 2. Nf3 Bg7 3. c4 d6 4. Nc3 a6 5. e4 Bg4 6. Be2 Nc6 7. Be3 Bxf3 8. Bxf3
e5 9. d5 Nd4 10. O-O Ne7 11. Ne2 Nxf3+ 12. gxf3 O-O 13. Qd2 f5 14. exf5 Nxf5
15. Bg5 Bf6 16. Bh6 Rf7 17. Ng3 Nd4 18. Qd3 Bg7 19. Be3 Nxf3+ 20. Kh1 Qh4 0-1

[Event "Championnat de France - Veterans"]
[Site "Belfort - SNPHHUATVS"]
[Date "2010.??.??"]
[Round "5.5"]
[White "Chabeaud, Jean-Jacques"]
[Black "Degrave, Jack"]
[Result "1/2-1/2"]
[WhiteElo "1823"]
[BlackElo "2003"]
[PlyCount "106"]

1. d4 Nf6 2. Nf3 g6 3. Bg5 Bg7 4. Nbd2 d6 5. c3 Nbd7 6. e4 O-O 7. Be2 h6 8. Bh4
c6 9. a4 Qc7 10. O-O e5 11. Re1 Nh5 12. dxe5 dxe5 13. Nc4 g5 14. Bg3 Nxg3 15.
hxg3 Nc5 16. Bf1 Bg4 17. b4 Rad8 18. Qc2 Ne6 19. Ne3 Bh5 20. Nf5 Rd7 21. Rad1
Rfd8 22. Nxg7 Kxg7 23. Rxd7 Rxd7 24. Rd1 f6 25. Rxd7+ Qxd7 26. Qd3 Be8 27.
Qxd7+ Bxd7 28. Nd2 Kf7 29. f3 Ke7 30. Kf2 Kd6 31. Nc4+ Kc7 32. Ne3 Ng7 33. a5
Ne8 34. Ke1 Nd6 35. Kd2 Be6 36. g4 b6 37. axb6+ axb6 38. Be2 b5 39. Bf1 Kb6 40.
Kc2 c5 41. Nd5+ Bxd5 42. exd5 c4 43. Kd2 f5 44. gxf5 Nxf5 45. g4 Ne7 46. d6 Nd5
47. Be2 Kc6 48. d7 Kxd7 49. Bd1 Kd6 50. Bc2 Nf6 51. Ke3 Nd5+ 52. Kd2 Nf6 53.
Bg6 Ke6 1/2-1/2

[Event "Championnat de France - Veterans"]
[Site "Belfort - SNPHHUATVS"]
[Date "2010.??.??"]
[Round "5.7"]
[White "Birens, Eric-Andre"]
[Black "Jouhaneau, Jacques"]
[Result "0-1"]
[WhiteElo "2024"]
[BlackElo "1819"]
[PlyCount "137"]

1. d4 Nf6 2. c4 e5 3. dxe5 Ng4 4. e4 Nxe5 5. f4 Ng6 6. Nf3 Nc6 7. Be3 Bb4+ 8.
Nbd2 d6 9. Bd3 O-O 10. O-O Bc5 11. Qe1 Bxe3+ 12. Qxe3 Qf6 13. g3 Qxb2 14. h4
Qb6 15. Kf2 Re8 16. h5 Nf8 17. Rfe1 Bg4 18. Rab1 Qxe3+ 19. Rxe3 b6 20. Rh1 Nd7
21. Rh4 f5 22. exf5 Rxe3 23. Kxe3 Re8+ 24. Kf2 Nf6 25. Nh2 Bxh5 26. g4 Bf7 27.
g5 Nb4 28. Bb1 Nd7 29. f6 gxf6 30. Bxh7+ Kg7 31. Bf5 Nf8 32. a3 Nc6 33. Nhf3
Ne7 34. gxf6+ Kxf6 35. Bd3 Bg6 36. f5 Bxf5 37. Bxf5 Nxf5 38. Rf4 Kg6 39. Ne4
Ne6 40. Rg4+ Kf7 41. Neg5+ Nxg5 42. Nxg5+ Ke7 43. Ne4 Kd8 44. Rf4 Ne7 45. Ke3
Rh8 46. Kd4 c5+ 47. Kc3 d5 48. Nd2 d4+ 49. Kb3 Kc8 50. Rf7 Re8 51. Ne4 Kd7 52.
Ka4 a6 53. Rh7 Rd8 54. Rh6 Nc8 55. Nf6+ Kc7 56. Rh7+ Kc6 57. Ne4 Nd6 58. Rh6
b5+ 59. cxb5+ axb5+ 60. Kb3 c4+ 61. Kc2 Kd5 62. Nd2 Re8 63. Rh5+ Re5 64. Rh2
Ne4 65. Nf3 d3+ 66. Kc1 Rf5 67. Rh3 c3 68. Nh2 d2+ 69. Kc2 0-1

[Event "Championnat de France - Veterans"]
[Site "Belfort - SNPHHUATVS"]
[Date "2010.??.??"]
[Round "5.8"]
[White "Fallet, Didier"]
[Black "Carrot, Patrick"]
[Result "0-1"]
[WhiteElo "2000"]
[BlackElo "1835"]
[PlyCount "66"]

1. c4 e5 2. Nc3 Nf6 3. g3 Bc5 4. Bg2 O-O 5. e3 Re8 6. d3 c6 7. Nge2 d5 8. cxd5
cxd5 9. O-O Nc6 10. a3 a5 11. Bd2 Be6 12. Na4 Be7 13. Rc1 Bf5 14. Be1 Rc8 15.
f3 b5 16. Nc5 Qb6 17. b4 axb4 18. axb4 Nxb4 19. Bxb4 Bxc5 20. Bxc5 Rxc5 21. d4
Rxc1 22. Nxc1 exd4 23. exd4 h6 24. Nb3 b4 25. Qd2 Qb5 26. Rc1 Re2 27. Qf4 Bd3
28. Nc5 Bc4 29. Ra1 b3 30. Bf1 Ra2 31. Rb1 b2 32. Qf5 Bxf1 33. Qc8+ Qe8 0-1

[Event "Championnat de France - Veterans"]
[Site "Belfort - SNPHHUATVS"]
[Date "2010.??.??"]
[Round "5.9"]
[White "Flamant, Jacky"]
[Black "Cousin, Philippe"]
[Result "1/2-1/2"]
[WhiteElo "1852"]
[BlackElo "1957"]
[PlyCount "80"]

1. e4 c6 2. d4 d5 3. e5 Bf5 4. Nf3 e6 5. Be2 c5 6. O-O Nc6 7. c3 a6 8. a3 Rc8
9. b4 cxd4 10. cxd4 Nge7 11. Nbd2 Na7 12. Qa4+ Nec6 13. Bb2 Be7 14. b5 axb5 15.
Bxb5 O-O 16. Rac1 Qb6 17. Bxc6 Nxc6 18. Qb3 Qxb3 19. Nxb3 Bd3 20. Rfe1 Bc4 21.
Nbd2 b5 22. Re3 Ra8 23. Ra1 Ra4 24. Nb3 Rfa8 25. Nc5 R4a7 26. h4 h6 27. g3 Na5
28. Nd2 Bxc5 29. dxc5 Rc7 30. Bd4 Nb7 31. Nb3 Na5 32. Nxa5 Rxa5 33. Bc3 Ra4 34.
Bb4 Rc6 35. Rd1 Ra7 36. f4 h5 37. Kf2 g6 38. Rd2 Rd7 39. Rd4 Kg7 40. Rf3 Ba2
1/2-1/2

[Event "Championnat de France - Veterans"]
[Site "Belfort - SNPHHUATVS"]
[Date "2010.??.??"]
[Round "5.10"]
[White "Andrieu, Philippe"]
[Black "Zurano, Alberto"]
[Result "1-0"]
[WhiteElo "1935"]
[BlackElo "1815"]
[PlyCount "49"]

1. d4 Nf6 2. Bg5 Ne4 3. Bh4 c5 4. dxc5 Qa5+ 5. c3 Qxc5 6. Nd2 Nxd2 7. Qxd2 e6
8. Nf3 d5 9. e4 Nc6 10. Rd1 Be7 11. Bxe7 Qxe7 12. exd5 exd5+ 13. Be2 Be6 14.
O-O O-O 15. Rfe1 Qf6 16. Ng5 d4 17. cxd4 Nxd4 18. Bd3 Bf5 19. Bxf5 Qxf5 20. Ne4
Rad8 21. Ng3 Qf6 22. Qc3 Qb6 23. a4 a6 24. Rd3 Qc6 25. Rxd4 1-0

[Event "Championnat de France - Veterans"]
[Site "Belfort - SNPHHUATVS"]
[Date "2010.??.??"]
[Round "6.1"]
[White "Letzelter, Jean-Claude"]
[Black "Negre, Albert"]
[Result "1/2-1/2"]
[WhiteElo "2165"]
[BlackElo "2098"]
[PlyCount "134"]

1. e4 e5 2. d4 exd4 3. Qxd4 Nc6 4. Qa4 Nf6 5. Nc3 d6 6. Nf3 Bd7 7. Qb5 Nd4 8.
Qd3 Nxf3+ 9. Qxf3 Be7 10. e5 dxe5 11. Qxb7 O-O 12. Bc4 Bf5 13. Bb3 a5 14. Bg5
Bb4 15. Qf3 Bxc3+ 16. Qxc3 Qd6 17. Qf3 Be4 18. Qe3 Bg6 19. Rd1 Qb4+ 20. c3 Qg4
21. Bxf6 gxf6 22. Bd5 Rab8 23. b3 Rbd8 24. O-O Rd6 25. Bf3 Qe6 26. Qc5 a4 27.
Bd5 Qd7 28. f4 exf4 29. Rxf4 axb3 30. axb3 Kg7 31. Rfd4 Rd8 32. h3 Qe7 33. Bf3
Qe3+ 34. Kh2 Rxd4 35. cxd4 Qf4+ 36. Kh1 Be4 37. Bxe4 Qxe4 38. Qxc7 Rxd4 39.
Qg3+ Kf8 40. Re1 Qb7 41. Qe3 Rh4 42. Qe8+ Kg7 43. Re3 Rh5 44. Qd8 Qb5 45. Qd3
Qc5 46. Qc3 Qd5 47. Rd3 Qb5 48. Rf3 Rf5 49. Qd3 Rg5 50. Qxb5 Rxb5 51. Kg1 f5
52. Kf2 Kg6 53. Ke2 Kg5 54. g3 f4 55. gxf4+ Kf5 56. Rg3 f6 57. Kd2 h5 58. Kc3
Kxf4 59. Rg6 f5 60. Kc4 Rb8 61. b4 Kf3 62. Rg5 f4 63. Rxh5 Kg3 64. Rf5 f3 65.
b5 f2 66. Kc5 Rc8+ 67. Kd6 Rc1 1/2-1/2

[Event "Championnat de France - Veterans"]
[Site "Belfort - SNPHHUATVS"]
[Date "2010.??.??"]
[Round "6.3"]
[White "Jouhaneau, Jacques"]
[Black "Brongers, Henk"]
[Result "1/2-1/2"]
[WhiteElo "1819"]
[BlackElo "2062"]
[PlyCount "85"]

1. c4 Nf6 2. Nc3 g6 3. g3 Bg7 4. Bg2 d6 5. Nf3 O-O 6. d3 e5 7. O-O Nc6 8. a3 a5
9. Rb1 Nd4 10. Nd2 c6 11. e3 Ne6 12. b4 axb4 13. axb4 Ng5 14. f3 Bh3 15. Nde4
Nfxe4 16. Nxe4 Bxg2 17. Kxg2 Ne6 18. Nf2 d5 19. Qb3 b5 20. Bb2 h5 21. Rfe1 Qd7
22. Rbd1 f5 23. f4 exf4 24. gxf4 Rfe8 25. Bxg7 Kxg7 26. Nh3 Kh6 27. e4 fxe4 28.
dxe4 bxc4 29. Qc3 Ra2+ 30. Rd2 d4 31. Qc1 Rxd2+ 32. Qxd2 c3 33. Qc1 d3 34. Qxc3
d2 35. Rd1 Rd8 36. Kf2 Kh7 37. Ke3 Qa7+ 38. Kf3 Nd4+ 39. Kg2 Qe7 40. Ng5+ Kh6
41. Rxd2 Nb5 42. Qb2 Rf8 43. Rf2 1/2-1/2

[Event "Championnat de France - Veterans"]
[Site "Belfort - SNPHHUATVS"]
[Date "2010.??.??"]
[Round "6.4"]
[White "Dubreuil, Remy"]
[Black "Goldenberg, Richard"]
[Result "0-1"]
[WhiteElo "1927"]
[BlackElo "2356"]
[PlyCount "62"]

1. e4 g6 2. d4 Bg7 3. c4 d6 4. Nc3 e5 5. Be3 exd4 6. Bxd4 Nf6 7. f3 Nc6 8. Be3
O-O 9. Bd3 Ne5 10. Rc1 Be6 11. b3 c6 12. Nge2 d5 13. cxd5 cxd5 14. O-O Nxd3 15.
Qxd3 dxe4 16. Qxd8 Rfxd8 17. Nxe4 Nxe4 18. fxe4 a6 19. Rfe1 Bd7 20. Red1 Bc6
21. Ng3 Bb2 22. Rxd8+ Rxd8 23. Rc2 Be5 24. Kf2 h5 25. h4 Rd3 26. Re2 Kg7 27.
Nf1 Bxe4 28. Bh6+ Kxh6 29. Rxe4 Bf6 30. Ke2 Rc3 31. Kd2 Rc7 0-1

[Event "Championnat de France - Veterans"]
[Site "Belfort - SNPHHUATVS"]
[Date "2010.??.??"]
[Round "6.5"]
[White "Degrave, Jack"]
[Black "Gibson, John"]
[Result "1-0"]
[WhiteElo "2003"]
[BlackElo "1871"]
[PlyCount "55"]

1. e4 d6 2. d4 Nf6 3. Nc3 Nbd7 4. f4 e5 5. Nf3 exd4 6. Qxd4 c6 7. Be3 d5 8. e5
Ng4 9. Bg1 Qa5 10. h3 Nh6 11. g4 Nb6 12. a3 c5 13. Qd2 Bd7 14. Nb5 Qxd2+ 15.
Nxd2 Bxb5 16. Bxb5+ Kd8 17. O-O-O a6 18. Be2 Kc7 19. Nb3 Kc6 20. Bh2 Be7 21.
Bf3 Rhd8 22. Rhe1 a5 23. Bg3 a4 24. Nd2 Re8 25. c4 Rad8 26. cxd5+ Nxd5 27. Nc4
b5 28. Ne3 1-0

[Event "Championnat de France - Veterans"]
[Site "Belfort - SNPHHUATVS"]
[Date "2010.??.??"]
[Round "6.6"]
[White "Rosenfeld, Imre"]
[Black "Touze, Jean-Paul"]
[Result "1/2-1/2"]
[WhiteElo "1866"]
[BlackElo "1998"]
[PlyCount "176"]

1. d4 g6 2. c3 Bg7 3. Nf3 d6 4. e4 Nd7 5. Be2 c5 6. O-O cxd4 7. cxd4 b6 8. Nc3
Bb7 9. Re1 Rc8 10. Bf1 a6 11. Bg5 b5 12. a3 Qb6 13. Qd2 e6 14. b4 f6 15. Be3
Qd8 16. Rac1 Ne7 17. Bh6 O-O 18. Bxg7 Kxg7 19. Qa2 d5 20. e5 fxe5 21. Nxe5 Nxe5
22. Rxe5 Rf6 23. Qd2 Qb6 24. Rce1 Rcf8 25. R5e2 Nf5 26. Rd1 Nd6 27. Qd3 Ne4 28.
f3 Nd6 29. Kh1 Nc4 30. Na2 Qd6 31. Nc1 Rf5 32. Rde1 R8f6 33. Nb3 Bc8 34. Nc5
Rh5 35. g4 Rh4 36. Kg1 g5 37. Rg2 Qf4 38. Ree2 e5 39. dxe5 Nxe5 40. Rxe5 Qxe5
41. Re2 Qd6 42. Qe3 Qf4 43. Qxf4 Rxf4 44. Bg2 Rh6 45. Re5 Rd6 46. Rxg5+ Kf8 47.
Re5 Rc4 48. Rh5 h6 49. g5 hxg5 50. Rh8+ Kg7 51. Rxc8 a5 52. Bf1 Rf4 53. bxa5
Rxf3 54. Bxb5 Rxa3 55. Ba4 d4 56. a6 Rxa6 57. Nxa6 Rxa4 58. Nc5 Rb4 59. Rd8 Kf6
60. Rd5 g4 61. Kg2 Rc4 62. Kg3 Kg6 63. Kxg4 d3+ 64. Kf3 d2 65. Ke2 Rh4 66. Kxd2
Rxh2+ 67. Ke3 Rh1 68. Ne4 Re1+ 69. Kf4 Rf1+ 70. Kg4 Rg1+ 71. Ng3 Kf6 72. Kf4
Kg6 73. Rb5 Ra1 74. Ne4 Ra4 75. Rb6+ Kf7 76. Rc6 Ke7 77. Ke5 Ra5+ 78. Kd4 Ra4+
79. Kd5 Ra5+ 80. Kd4 Kd7 81. Rh6 Ke7 82. Rb6 Kd7 83. Rh6 Ke7 84. Rb6 Ra1 85.
Rh6 Rd1+ 86. Ke5 Ra1 87. Rb6 Ra5+ 88. Kf4 Ra4 1/2-1/2

[Event "Championnat de France - Veterans"]
[Site "Belfort - SNPHHUATVS"]
[Date "2010.??.??"]
[Round "6.7"]
[White "Tilquin, Jean-Pierre"]
[Black "Carrot, Patrick"]
[Result "1-0"]
[WhiteElo "1987"]
[BlackElo "1835"]
[PlyCount "41"]

1. d4 Nf6 2. c4 g6 3. Nc3 d5 4. cxd5 Nxd5 5. e4 Nxc3 6. bxc3 Bg7 7. Bb5+ Bd7 8.
Be2 c5 9. Nf3 O-O 10. Rb1 cxd4 11. cxd4 b6 12. h3 Bc6 13. d5 Bb7 14. Bg5 Qd6
15. O-O e6 16. dxe6 Qxe6 17. Nd2 Bxe4 18. Nxe4 Qxe4 19. Bf3 Qf5 20. Be7 Nd7 21.
Bg4 1-0

[Event "Championnat de France - Veterans"]
[Site "Belfort - SNPHHUATVS"]
[Date "2010.??.??"]
[Round "6.8"]
[White "Chabeaud, Jean-Jacques"]
[Black "Peyrin, Jean"]
[Result "1/2-1/2"]
[WhiteElo "1823"]
[BlackElo "1938"]
[PlyCount "153"]

1. d4 Nf6 2. Nf3 e6 3. Bg5 c5 4. e3 h6 5. Bh4 Qb6 6. Qc1 d5 7. c3 Nc6 8. Nbd2
Bd7 9. Bd3 Rc8 10. a3 Bd6 11. O-O O-O 12. Rb1 Qc7 13. dxc5 Bxc5 14. Bxf6 gxf6
15. Nb3 Bd6 16. g3 e5 17. e4 dxe4 18. Bxe4 Kg7 19. Nh4 Ne7 20. Qc2 Qb6 21. Nf5+
Nxf5 22. Bxf5 Bxf5 23. Qxf5 Qxb3 24. Qg4+ Kh8 25. Qh5 Qe6 26. Qxh6+ Kg8 27.
Rfe1 f5 28. Qe3 Kg7 29. Rbd1 Bb8 30. Qg5+ Qg6 31. Qe7 Qf6 32. Qxb7 Rcd8 33. c4
Rc8 34. Rc1 Rc7 35. Qb5 e4 36. c5 Qe5 37. Re3 a6 38. Qxa6 Rxc5 39. Rxc5 Qxc5
40. b4 Qc7 41. Qe2 Ba7 42. Qb2+ f6 43. Rc3 Qe5 44. Qc2 Rf7 45. a4 e3 46. fxe3
Bxe3+ 47. Kf1 Rd7 48. Rd3 Rc7 49. Qe2 Rc1+ 50. Kg2 Qe4+ 51. Kh3 Bg5 52. Qf3 Rc4
53. Ra3 Rxb4 54. a5 Qg4+ 55. Qxg4 fxg4+ 56. Kg2 Rb2+ 57. Kf1 Rb7 58. a6 Ra7 59.
Kg2 f5 60. h3 gxh3+ 61. Kxh3 Kg6 62. Kg2 Bc1 63. Ra4 Be3 64. Kf3 Bg5 65. Ra5
Bd8 66. Ra4 Bc7 67. Ra2 Kg5 68. Ra4 Be5 69. Ra5 Kf6 70. g4 f4 71. g5+ Ke6 72.
g6 Bc7 73. g7 Kf7 74. Rg5 Kg8 75. Rg6 Be5 76. Ke4 Bb8 77. Kf3 1/2-1/2

[Event "Championnat de France - Veterans"]
[Site "Belfort - SNPHHUATVS"]
[Date "2010.??.??"]
[Round "6.9"]
[White "Andrieu, Philippe"]
[Black "Molet, Asher"]
[Result "1/2-1/2"]
[WhiteElo "1935"]
[BlackElo "1830"]
[PlyCount "137"]

1. d4 d5 2. Nf3 e6 3. c4 Nf6 4. Nc3 Be7 5. Bg5 Nbd7 6. e3 O-O 7. Bd3 dxc4 8.
Bxc4 a6 9. a4 c5 10. O-O cxd4 11. Nxd4 Ne5 12. Be2 Bd7 13. Qb3 Qb8 14. Bf4 Bd6
15. Rfd1 Rd8 16. a5 h6 17. Na4 Bxa4 18. Qxa4 Rd7 19. Rac1 Qd8 20. Qa2 Qe7 21.
Bxe5 Bxe5 22. Nf3 Bd6 23. Rc2 Rc7 24. Rcd2 Rd8 25. Qa4 Rcd7 26. e4 Bf4 27. Rxd7
Rxd7 28. e5 Rxd1+ 29. Qxd1 Nd7 30. Qd4 Bc1 31. Bc4 h5 32. Qc3 Bh6 33. b4 g6 34.
Bd3 Nf8 35. g3 Qd7 36. Qc2 Bg7 37. Qe2 Qa4 38. Qe4 Qd7 39. Bc4 Qc7 40. b5 axb5
41. Bxb5 Nd7 42. Bxd7 Qxd7 43. a6 bxa6 44. Qa8+ Kh7 45. Qxa6 Qd1+ 46. Kg2 Qd7
47. h4 Bh6 48. Qd6 Qb7 49. Qd8 Bg7 50. Qd3 Bxe5 51. Kh2 Bf6 52. Qe3 Kg7 53. Nd2
Qd5 54. Ne4 Qe5 55. f4 Qb2+ 56. Kh3 Bd4 57. Qe1 Qa1 58. Qxa1 Bxa1 59. Kg2 f6
60. Kf3 Kf7 61. Nd2 e5 62. fxe5 Bxe5 63. Ne4 Ke6 64. Nc5+ Kf5 65. Nd3 Bd6 66.
Nf2 g5 67. hxg5 fxg5 68. g4+ hxg4+ 69. Nxg4 1/2-1/2